| 000 | 00406cam a2200145u 4500 | ||
|---|---|---|---|
| 082 |
_a370.1 _bFIN _cD |
||
| 100 | 1 |
_aFindlay, Joseph John, _949756 |
|
| 245 | 1 | 4 | _aThe foundations of education; |
| 260 |
_aLondon, _bUniversity of London press, ltd., _c1925-30. |
||
| 300 |
_a2 v. _bpl. _c23 cm. |
||
| 526 |
_a0 _b0 _c0 _d370_100000000000000_FIN |
||
| 650 | 0 | _aEducation. | |
| 650 | 0 |
_aMCE _9379 |
|
| 942 |
_2ddc _cBK |
||
| 999 |
_c552523 _d552523 |
||